000 00353nam a2200145Ia 4500
005 20251222143129.0
008 251222s9999||||xx |||||||||||||| ||spa||
020 _a978-84-15419-48-8
082 _a610.736.8/V63
100 _aVidebeck, Sheila L.
245 0 _aEnfermería Psiquiátrica
250 _a5a.ed.
264 _bWolters Kluwer
942 _cLIB
999 _c11835
_d11835